[Event "AUTO-OPEN-1535"]
[Site "http://www.queenalice.com/game.php?id=741617"]
[Date "2010.3.5"]
[Round "2"]
[White "Mundico"]
[Black "Ditto"]
[Result "1-0"]
[WhiteElo "2270"]
[BlackElo "1724"]

1. d4 d5 2. c4 Nf6 3. Nc3 Bf5 4. f3 e6 5. Qb3 b6 6. cxd5 exd5 7. Bg5 c6 8. Rc1
Qd6 9. g4 Be6 10. e3 Be7 11. a3 Nfd7 12. Nb5 cxb5 13. Rc8+ 1-0

[Event "AUTO-OPEN-1535"]
[Site "http://www.queenalice.com/game.php?id=741618"]
[Date "2010.3.5"]
[Round "2"]
[White "Ditto"]
[Black "Mundico"]
[Result "0-1"]
[WhiteElo "1751"]
[BlackElo "2138"]

1. d4 Nf6 2. Nf3 e6 3. Nc3 d5 4. Bf4 a6 5. e3 c5 6. dxc5 Bxc5 7. Be5 Nc6 8. Bd3
Nxe5 9. Nxe5 Qc7 10. Qf3 Qxe5 11. O-O O-O 12. a3 Bd6 13. Qh3 g6 14. Rab1 Be7 15.
Ne2 Qc7 16. Nf4 e5 17. Nxd5 Nxd5 18. Qg3 Bd6 19. Be4 Ne7 20. Qg5 f6 21. Qh4 f5
22. Bd3 e4 23. Be2 Be6 24. c3 Bb3 25. Rbc1 b5 26. f3 Bc5 27. Qg5 Qb6 28. f4
Bxe3+ 29. Kh1 Nd5 30. Rb1 Qc7 31. h4 Bxf4 32. Rxf4 Qxf4 33. Qxf4 Nxf4 34. Bf1
Rad8 35. g3 Nd3 36. Kg2 Bc2 37. Ra1 Nxb2 38. Kf2 Rd2+ 39. Ke3 Rfd8 40. Ra2 Bb3
41. Ra1 Bc4 42. Bxc4+ Nxc4+ 43. Kf4 Rf2+ 44. Kg5 Kg7 45. a4 h6# 0-1

[Event "AUTO-OPEN-1535"]
[Site "http://www.queenalice.com/game.php?id=741620"]
[Date "2010.3.5"]
[Round "2"]
[White "majersesc"]
[Black "Mundico"]
[Result "1-0"]
[WhiteElo "2337"]
[BlackElo "2153"]

1. e4 c5 2. Nf3 d6 3. c3 Nc6 4. d4 cxd4 5. cxd4 Nf6 6. Nc3 e6 7. Be2 Be7 8. O-O
O-O 9. h3 a6 10. a3 b5 11. Be3 Bb7 12. Bd3 Rc8 13. Re1 Na5 14. Qe2 Nc4 15. Rec1
d5 16. e5 Nd7 17. Bf4 g6 18. Rc2 1-0

[Event "QA-ANNIV-05"]
[Site "http://www.queenalice.com/game.php?id=758983"]
[Date "2010.4.10"]
[Round "4"]
[White "Mundico"]
[Black "vila1"]
[Result "1-0"]
[WhiteElo "2271"]
[BlackElo "1863"]

1. d4 e6 2. c4 Nf6 3. Nc3 Bb4 4. Bd2 O-O 5. Qc2 b6 6. e4 Bb7 7. f3 d6 8. Bd3
Nbd7 9. Nge2 e5 10. O-O-O Re8 11. g4 exd4 12. Nxd4 Ne5 13. Be2 a6 14. h3 c5 15.
Nf5 Re6 16. Bf4 Bxc3 17. Qxc3 Nxe4 18. fxe4 Bxe4 19. Rhe1 Ng6 20. Qxg7# 1-0

[Event "AUTO-OPEN-1531"]
[Site "http://www.queenalice.com/game.php?id=785314"]
[Date "2010.6.4"]
[Round "3"]
[White "Malvada"]
[Black "Mundico"]
[Result "1-0"]
[WhiteElo "2227"]
[BlackElo "2145"]

1. d4 Nf6 2. Nf3 g6 3. Nbd2 Bg7 4. e4 d6 5. Bd3 c6 6. O-O Nbd7 7. Re1 e5 8. c3
Qc7 9. Nc4 O-O 10. Qc2 Re8 11. h3 b5 12. Ncd2 1-0

[Event "AUTO-OPEN-1531"]
[Site "http://www.queenalice.com/game.php?id=785315"]
[Date "2010.6.4"]
[Round "3"]
[White "Mundico"]
[Black "Malvada"]
[Result "0-1"]
[WhiteElo "2155"]
[BlackElo "2217"]

1. e4 c6 2. Nc3 d5 3. exd5 cxd5 4. Nf3 Nf6 5. d4 e6 6. a3 Nc6 7. Bb5 Bd7 8. O-O
Be7 9. Re1 Qc7 10. Qd3 O-O 11. h3 a6 0-1

[Event "QA-ANNIV-05"]
[Site "http://www.queenalice.com/game.php?id=793764"]
[Date "2010.6.23"]
[Round "5"]
[White "darewing"]
[Black "Mundico"]
[Result "1-0"]
[WhiteElo "2419"]
[BlackElo "2218"]

1. Nf3 Nf6 2. g3 g6 3. Bg2 Bg7 4. c4 c6 5. d4 d5 6. cxd5 cxd5 7. O-O O-O 8. Nc3
h6 9. Ne5 e6 10. Bf4 Nh5 11. Be3 Nf6 12. Rc1 a6 13. Qd2 Kh7 14. Na4 Nbd7 15. h3
Nxe5 16. dxe5 Nd7 17. f4 Re8 18. Bd4 b5 19. Nc5 Nb6 20. e4 Bf8 21. Qf2 Nc4 22.
b3 Na5 23. Nxe6 1-0

[Event "QA-ANNIV-05"]
[Site "http://www.queenalice.com/game.php?id=841313"]
[Date "2010.10.3"]
[Round "6"]
[White "Mundico"]
[Black "dorszu"]
[Result "1-0"]
[WhiteElo "2139"]
[BlackElo "1737"]

1. e4 c6 2. d4 d5 3. Nc3 dxe4 4. Nxe4 Bf5 5. Ng3 Bg6 6. Nf3 e6 7. Be2 Nd7 8. c3
Bd6 9. Bg5 Be7 10. Bf4 Ngf6 11. Nh4 Nf8 12. O-O Nd5 13. Nxg6 Nxg6 14. Bd2 Qc7
15. Bf3 Bd6 16. Re1 O-O-O 17. a4 Ngf4 18. c4 Ne7 19. c5 Bxc5 20. dxc5 Rd7 21.
Qc2 Nfd5 22. Ne4 Nf5 23. Bg4 Nde7 24. Rad1 Rd4 25. Bc3 Rc4 26. Bxf5 Nxf5 27. g4
Nh4 28. Nd6+ Kb8 29. Nxc4 Nf3+ 30. Kg2 Nxe1+ 31. Rxe1 Rd8 32. Be5 1-0

[Event "QA-ANNIV-05"]
[Site "http://www.queenalice.com/game.php?id=885909"]
[Date "2011.1.13"]
[Round "7"]
[White "CCapivara"]
[Black "Mundico"]
[Result "0-1"]
[WhiteElo "2181"]
[BlackElo "2142"]

1. e4 c5 2. Nf3 Nc6 3. d4 cxd4 4. Nxd4 Nf6 5. Nc3 d6 6. Be2 a6 7. Bg5 e6 8. O-O
Be7 9. a4 Bd7 10. Nb3 Qc7 11. Qd2 h6 12. Be3 Ne5 13. Kh1 O-O 14. f4 Nc4 15. Bxc4
Qxc4 16. e5 Ne8 17. a5 Bc6 18. Nd4 Rc8 19. Nxc6 Qxc6 20. Rf3 d5 21. f5 f6 22.
fxe6 fxe5 23. Nxd5 Qxe6 24. Nxe7+ Qxe7 25. Rxf8+ Qxf8 26. c3 Nf6 27. h3 Rd8 28.
Qf2 Rd3 29. Rf1 Nh7 30. Qe2 Qd6 31. Bc5 Qd5 32. Ba3 Rxh3+ 33. Kg1 Rd3 34. Qg4
Qc6 35. Qf5 Rd2 36. Qg4 Nf6 37. Qg6 Qc4 38. Be7 Qg4 39. Qxg4 Nxg4 40. Ba3 Ne3
41. Rf8+ Kh7 42. Rf7 Rxg2+ 43. Kh1 Rg6 44. Rxb7 Nc4 45. Bb4 Nxb2 46. Rb6 Nc4 47.
Rb7 Rc6 48. Bf8 Kg8 49. Bxg7 Nxa5 50. Bxe5 Nxb7 0-1

[Event "QA-ANNIV-05"]
[Site "http://www.queenalice.com/game.php?id=921187"]
[Date "2011.4.3"]
[Round "8"]
[White "Mundico"]
[Black "Tentarius"]
[Result "1-0"]
[WhiteElo "2136"]
[BlackElo "1964"]

1. e4 c5 2. Nf3 e6 3. c3 d5 4. exd5 exd5 5. d4 Nf6 6. Bb5+ Bd7 7. Qe2+ Be7 8.
O-O O-O 9. Bd3 h6 10. h3 c4 11. Bc2 Bd6 12. Nbd2 1-0

[Event "AUTO-OPEN-1537"]
[Site "http://www.queenalice.com/game.php?id=927277"]
[Date "2011.4.18"]
[Round "3"]
[White "Mundico"]
[Black "josekasparov"]
[Result "0-1"]
[WhiteElo "2138"]
[BlackElo "2338"]

1. d4 Nf6 2. Nf3 g6 3. Nbd2 d5 4. e3 Bg7 5. c4 O-O 6. Bd3 c5 7. O-O cxd4 8. exd4
Nc6 9. c5 Bg4 10. h3 Be6 11. a3 a5 12. Nb1 Ne4 13. Nc3 Nxd4 14. Nxd4 Bxd4 15.
Nxe4 dxe4 16. Bxe4 Bxc5 17. Bxb7 Rb8 18. Bf3 Qb6 19. Qe1 Bd4 20. Bf4 Qxb2 21.
Bxb8 Qxa1 22. Qxa5 Bxf2+ 23. Kxf2 Qb2+ 24. Kg1 Rxb8 25. a4 Qd4+ 26. Kh1 Rb4 27.
Bc6 Rc4 28. Qa8+ Kg7 29. a5 Qd3 30. Kg1 Qe3+ 31. Kh2 Rc5 32. Be4 Bc4 33. Rf3 Qd2
34. a6 Qd6+ 35. Kg1 Bxa6 36. g3 Rc1+ 37. Kg2 Qd2+ 38. Rf2 Bf1+ 39. Kf3 Rc3+ 0-1

[Event "AUTO-OPEN-1537"]
[Site "http://www.queenalice.com/game.php?id=927278"]
[Date "2011.4.18"]
[Round "3"]
[White "josekasparov"]
[Black "Mundico"]
[Result "1-0"]
[WhiteElo "2374"]
[BlackElo "2169"]

1. d4 Nf6 2. c4 e6 3. Nc3 d5 4. Bg5 c6 5. Nf3 Be7 6. e3 Nbd7 7. Qc2 h6 8. Bh4
dxc4 9. Bxc4 Nd5 10. Bxe7 Qxe7 11. e4 Nxc3 12. bxc3 O-O 13. O-O b5 14. Be2 Bb7
15. a4 a6 16. Rfd1 e5 17. Nd2 Rfe8 18. h3 exd4 19. cxd4 b4 20. Bf3 c5 21. d5 Ne5
22. Be2 Rac8 23. f4 Ng6 24. g3 Bxd5 25. Bxa6 Bb7 26. Bxb7 Qxb7 27. e5 Red8 28.
a5 1-0

[Event "AUTO-OPEN-1537"]
[Site "http://www.queenalice.com/game.php?id=927279"]
[Date "2011.4.18"]
[Round "3"]
[White "Mundico"]
[Black "Mano171"]
[Result "0-1"]
[WhiteElo "2149"]
[BlackElo "2184"]

1. d4 Nf6 2. Nf3 g6 3. c4 Bg7 4. e3 d6 5. Nc3 O-O 6. Be2 c6 7. O-O Re8 8. h3 Qc7
9. e4 e5 10. dxe5 dxe5 11. Be3 Nh5 0-1

[Event "AUTO-OPEN-1537"]
[Site "http://www.queenalice.com/game.php?id=927280"]
[Date "2011.4.18"]
[Round "3"]
[White "Mano171"]
[Black "Mundico"]
[Result "1-0"]
[WhiteElo "2172"]
[BlackElo "2161"]

1. e4 c6 2. Nf3 d5 3. Nc3 d4 4. Nb1 c5 5. Bc4 e6 6. d3 Nc6 7. a3 Nf6 8. O-O h6
9. h3 e5 10. Nbd2 Bd6 11. Nh2 O-O 12. c3 1-0

[Event "QA-ANNIV-05"]
[Site "http://www.queenalice.com/game.php?id=953532"]
[Date "2011.6.24"]
[Round "9"]
[White "Mundico"]
[Black "majersesc"]
[Result "0-1"]
[WhiteElo "2175"]
[BlackElo "2387"]

1. e4 c6 2. d4 d5 3. Nc3 Nf6 4. e5 Nfd7 5. e6 fxe6 6. Nf3 g6 7. Qe2 Nb6 8. Ng5
Bg7 9. Be3 O-O 10. O-O-O e5 11. Nf3 e4 12. Ne1 Na6 13. f4 exf3 14. Nxf3 Nc4 15.
Bf2 Bg4 16. h3 Bf5 17. g4 Bd7 18. b3 Bh6+ 19. Kb1 Rxf3 20. Qxf3 Nd2+ 21. Rxd2
Bxd2 22. Na4 Bg5 23. c3 Nc7 24. Bd3 e6 0-1